书目信息 |
| 题名: |
食品卫生检测技术
|
|
| 作者: | 唐突 | |
| 分册: | ||
| 出版信息: | 北京 化学工业出版社 2006 |
|
| 页数: | 248 | |
| 开本: | 26cm | |
| 丛书名: | ||
| 单 册: | ||
| 中图分类: | TS207.7 | |
| 科图分类: | ||
| 主题词: | 食品工业 | |
| 电子资源: | ||
| ISBN: | 7-5025-8822-1 | |
| 000 | 00497nam0 2200181 450 | |
| 001 | 0741144344 | |
| 005 | 20070817112544.34 | |
| 010 | @a7-5025-8822-1@d¥26.00 | |
| 100 | @a20070817d km y0chiy0120 ea | |
| 101 | 0 | @achi |
| 200 | 1 | @a食品卫生检测技术@Ashi pin wei sheng jian ce ji shu@f唐突@Ftang tu |
| 210 | @a北京@c化学工业出版社@d2006 | |
| 215 | @a248@d26cm | |
| 606 | 0 | @a食品工业 |
| 690 | @aTS207.7@v3 | |
| 701 | 0 | @a唐突@Atang tu |
| 801 | 0 | @aCN@bPFT@c20070817 |
| 905 | @a213230@dTS207.7@en1@f1 | |
| 食品卫生检测技术/唐突.-北京:化学工业出版社,2006 |
| 248;26cm |
| ISBN 7-5025-8822-1:¥26.00 |
| ● |
| 相关链接 |
|
|
|
|
正题名:食品卫生检测技术
索取号:TS207.7/n1
 
预约/预借
| 序号 | 登录号 | 条形码 | 馆藏地/架位号 | 状态 | 备注 |
| 1 | 6601291 | 266012913 | 密集书库-生命科学系/ [索取号:TS207.7/n1] | 在馆 |